[Event "AUT-chT2M 0809"]
[Site "Austria"]
[Date "2009.02.01"]
[Round "6.3"]
[White "Wach, Markus"]
[Black "Manca, Federico"]
[Result "1-0"]
[WhiteElo "2377"]
[BlackElo "2373"]
[PlyCount "127"]
[EventDate "2008.10.11"]
[EventType "team-tourn"]
[EventRounds "11"]
[EventCountry "AUT"]
[SourceTitle "EXT 2010"]
[Source "ChessBase"]
[SourceDate "2010.11.25"]
[SourceVersion "1"]
[SourceVersionDate "2010.11.25"]
[SourceQuality "1"]
[WhiteTeam "Fuerstenfeld"]
[BlackTeam "Leoben"]
[WhiteTeamCountry "AUT"]
[BlackTeamCountry "AUT"]

1. e4 c5 2. Nf3 Nc6 3. Bb5 e6 4. Bxc6 bxc6 5. d3 Ne7 6. Ng5 f6 7. Nh3 g6 8. f4 Bg7 9. 0-0 0-0 10. Be3 d6 11. Nd2 f5 12. Rb1 fxe4 13. dxe4 Ba6 14. Re1 Rb8 15. Ng5 Qd7 16. Qg4 Bc8 17. Nc4 h6 18. Nf3 e5 19. Qxd7 Bxd7 20. fxe5 d5 21. Bxc5 dxc4 22. Bxe7 Rfe8 23. Bd6 Rb5 24. b3 Ra5 25. a4 cxb3 26. cxb3 g5 27. h3 c5 28. Rbc1 h5 29. Nxg5 Bh6 30. h4 Bxg5 31. hxg5 Be6 32. Re3 Rc8 33. Rf3 Kg7 34. Rfc3 c4 35. bxc4 Rxa4 36. c5 Rc6 37. Rb1 Rxe4 38. Rb7+ Kg6 39. Rxa7 Rg4 40. Be7 Bd5 41. Rc2 Re4 42. Bf6 Bc4 43. Ra5 Rc7 44. Kf2 Rd7 45. Ra1 Rf4+ 46. Kg1 Rc7 47. Re1 Be6 48. c6 Rd4 49. Kf2 Kf5 50. Re3 Kg6 51. Rec3 Kf5 52. Rf3+ Kg6 53. Bd8 Rxd8 54. Rf6+ Kxg5 55. Rxe6 Rd5 56. Rd6 Rxe5 57. Rd7 Rc8 58. c7 Ree8 59. Rc5+ Kg6 60. Kg3 Kf6 61. Rxh5 Ke6 62. Rhh7 Rg8+ 63. Kh3 Rcf8 64. Rdg7 1-0

[Event "AUT-chT2M 0708"]
[Site "Austria"]
[Date "2008.03.02"]
[Round "9.3"]
[White "Wach, Markus"]
[Black "Horvath, Gabor"]
[Result "1-0"]
[WhiteElo "2386"]
[BlackElo "2292"]
[PlyCount "43"]
[EventDate "2007.10.13"]
[EventType "team"]
[EventRounds "11"]
[EventCountry "AUT"]
[SourceTitle "EXT 2009"]
[Source "ChessBase"]
[SourceDate "2008.11.26"]
[SourceVersion "1"]
[SourceVersionDate "2008.11.26"]
[SourceQuality "1"]
[WhiteTeam "Fuerstenfeld"]
[BlackTeam "Maria Saal"]
[WhiteTeamCountry "AUT"]
[BlackTeamCountry "AUT"]

1. e4 c5 2. Nf3 Nc6 3. Bb5 e6 4. Bxc6 bxc6 5. d3 Ne7 6. Ng5 Ng6 7. 0-0 Be7 8. Qh5 Bxg5 9. Bxg5 f6 10. Be3 d6 11. f4 0-0 12. Rf3 Rf7 13. f5 Nf8 14. Nd2 Re7 15. g4 Qe8 16. Qh4 h6 17. Qg3 Qd8 18. h4 exf5 19. gxf5 Kh8 20. Kh1 d5 21. Bxc5 Rb7 22. Rg1 1-0

[Event "Oberliga Bayern 0708"]
[Site "Bayern"]
[Date "2008.01.20"]
[Round "5.1"]
[White "Jansa, Vlastimil"]
[Black "Wach, Markus"]
[Result "1-0"]
[WhiteElo "2466"]
[BlackElo "2353"]
[PlyCount "73"]
[EventDate "2007.10.21"]
[EventType "team-tourn"]
[EventRounds "9"]
[EventCountry "GER"]
[SourceTitle "EXT 2009"]
[Source "ChessBase"]
[SourceDate "2008.11.26"]
[SourceVersion "1"]
[SourceVersionDate "2008.11.26"]
[SourceQuality "1"]
[WhiteTeam "Forchheim"]
[BlackTeam "Pang/Rosenheim"]
[WhiteTeamCountry "GER"]
[BlackTeamCountry "GER"]

1. e4 b6 2. d4 Bb7 3. Nc3 e6 4. Bd3 Nf6 5. Nge2 d5 6. exd5 Nxd5 7. Nxd5 Qxd5 8. Nf4 Qd6 9. Be3 Nd7 10. Qe2 Be7 11. 0-0-0 g5 12. Nh5 Bxg2 13. Rhg1 Bb7 14. Bxg5 Bxg5+ 15. Rxg5 0-0-0 16. Be4 c6 17. Qe3 Rdg8 18. h4 f6 19. Rg3 Rxg3 20. fxg3 f5 21. Bf3 Rg8 22. Re1 Rg6 23. Bg2 Nf8 24. Nf4 Rf6 25. Bf1 Kc7 26. c4 c5 27. d5 exd5 28. cxd5 Bc8 29. Bc4 Ng6 30. Ne6+ Kb8 31. Qg5 Rf7 32. Nd8 Rf6 33. Nc6+ Kc7 34. h5 Nf8 35. Qg7+ Bd7 36. Nxa7 Kd8 37. Nb5 1-0

[Event "Oberliga Bayern 0708"]
[Site "Bayern"]
[Date "2007.11.25"]
[Round "3.1"]
[White "Seuffert, Gabriel"]
[Black "Wach, Markus"]
[Result "1/2-1/2"]
[WhiteElo "2301"]
[BlackElo "2386"]
[PlyCount "51"]
[EventDate "2007.10.21"]
[EventType "team-tourn"]
[EventRounds "9"]
[EventCountry "GER"]
[SourceTitle "EXT 2009"]
[Source "ChessBase"]
[SourceDate "2008.11.26"]
[SourceVersion "1"]
[SourceVersionDate "2008.11.26"]
[SourceQuality "1"]
[WhiteTeam "Wuerzburg"]
[BlackTeam "Pang/Rosenheim"]
[WhiteTeamCountry "GER"]
[BlackTeamCountry "GER"]

1. c4 c6 2. Nf3 d5 3. d4 Nf6 4. e3 g6 5. Bd3 Bg7 6. 0-0 0-0 7. Ne5 Nbd7 8. f4 Nxe5 9. fxe5 Ng4 10. Nc3 f6 11. Be2 Nh6 12. exf6 Rxf6 13. Rxf6 Bxf6 14. cxd5 cxd5 15. Qb3 e6 16. Bd2 Nf5 17. Bd3 b6 18. Ne2 Bg5 19. Nf4 Bxf4 20. exf4 Qf6 21. Bxf5 Qxf5 22. Re1 Bd7 23. Re5 Qb1+ 24. Re1 Qf5 25. Re5 Qb1+ 26. Re1 1/2-1/2

[Event "Oberliga Bayern 0708"]
[Site "Bayern"]
[Date "2007.11.04"]
[Round "2.1"]
[White "Wach, Markus"]
[Black "Koepke, Elena"]
[Result "1/2-1/2"]
[WhiteElo "2386"]
[BlackElo "2318"]
[PlyCount "69"]
[EventDate "2007.10.21"]
[EventType "team-tourn"]
[EventRounds "9"]
[EventCountry "GER"]
[SourceTitle "EXT 2009"]
[Source "ChessBase"]
[SourceDate "2008.11.26"]
[SourceVersion "1"]
[SourceVersionDate "2008.11.26"]
[SourceQuality "1"]
[WhiteTeam "Pang/Rosenheim"]
[BlackTeam "Muenchen Tarrasch"]
[WhiteTeamCountry "GER"]
[BlackTeamCountry "GER"]

1. e4 e5 2. Nf3 Nf6 3. Nxe5 d6 4. Nf3 Nxe4 5. d4 d5 6. Bd3 Bd6 7. 0-0 0-0 8. c4 c6 9. Nc3 Nxc3 10. bxc3 Bg4 11. h3 Bh5 12. Rb1 dxc4 13. Bxc4 b5 14. Bd3 Nd7 15. Be4 Bg6 16. Bxg6 hxg6 17. d5 a6 18. dxc6 Nb6 19. Qd4 Qc7 20. Qh4 Be7 21. Qe4 Rfe8 22. Nd4 Bf6 23. Qf3 Nc4 24. a4 Ne5 25. Qd1 Nxc6 26. axb5 Nxd4 27. cxd4 axb5 28. Be3 Qd7 29. Qd3 Rab8 30. Rb3 Red8 31. Rfb1 Rb6 32. Rd1 Rd6 33. Rxb5 Bxd4 34. Bxd4 Rxd4 35. Qxd4 1/2-1/2

[Event "AUT-chT2M 0708"]
[Site "Austria"]
[Date "2007.10.13"]
[Round "1.3"]
[White "Hirneise, Tobias"]
[Black "Wach, Markus"]
[Result "1-0"]
[WhiteElo "2287"]
[BlackElo "2386"]
[PlyCount "151"]
[EventDate "2007.10.13"]
[EventType "team"]
[EventRounds "11"]
[EventCountry "AUT"]
[SourceTitle "EXT 2009"]
[Source "ChessBase"]
[SourceDate "2008.11.26"]
[SourceVersion "1"]
[SourceVersionDate "2008.11.26"]
[SourceQuality "1"]
[WhiteTeam "Voecklabruck"]
[BlackTeam "Fuerstenfeld"]
[WhiteTeamCountry "AUT"]
[BlackTeamCountry "AUT"]

1. e4 Nf6 2. e5 Nd5 3. c4 Nb6 4. d4 d6 5. exd6 cxd6 6. d5 e5 7. Nc3 Bf5 8. Bd3 Bxd3 9. Qxd3 N8d7 10. b3 Be7 11. Nge2 0-0 12. 0-0 Nc5 13. Qd1 Re8 14. Be3 Rc8 15. Qd2 h6 16. Ng3 Bg5 17. Nce4 Nxe4 18. Nxe4 Be7 19. f4 Nd7 20. fxe5 Nxe5 21. Bd4 Bf8 22. Qf4 Qd7 23. Qg3 Ng6 24. Nc3 Be7 25. Bxa7 Bf6 26. Rad1 Be5 27. Qd3 Nf4 28. Qf3 Bxc3 29. Qxf4 Ra8 30. Qf2 Re4 31. Qf3 Qe7 32. Qxc3 Rxa7 33. a4 Ra8 34. Rd3 f6 35. Rg3 Kh8 36. h3 Re8 37. Kh2 Re2 38. Qd3 Re4 39. Qf3 Qd8 40. Qf5 R8e5 41. Qg6 Qe7 42. Rf5 Rxf5 43. Qxf5 Re1 44. b4 Re5 45. Qf3 Re4 46. Qc3 f5 47. c5 dxc5 48. Qxc5 f4 49. Rf3 Qxc5 50. bxc5 Rxa4 51. Rd3 Ra8 52. Rb3 Ra5 53. Rc3 Kg8 54. c6 bxc6 55. dxc6 Ra8 56. c7 Rc8 57. Kg1 Kf7 58. Kf2 Ke6 59. Kf3 Ke5 60. Kg4 Kd4 61. Rc1 Ke5 62. Kh5 Kf6 63. Rc6+ Kf5 64. Rc5+ Kf6 65. Kg4 Ke6 66. Kxf4 Kd6 67. Rc1 g6 68. Ke4 Re8+ 69. Kd4 Rc8 70. Rc2 g5 71. g4 Ke6 72. Rc6+ Kd7 73. Kd5 Ke7 74. Kc5 Kd7 75. Kb6 Rf8 76. Kb7 1-0

[Event "AUT-chT2M 0607"]
[Site "Austria"]
[Date "2007.03.04"]
[Round "9.1"]
[White "Haba, Petr"]
[Black "Wach, Markus"]
[Result "1/2-1/2"]
[WhiteElo "2514"]
[BlackElo "2385"]
[PlyCount "49"]
[EventDate "2006.10.28"]
[EventType "team-tourn"]
[EventRounds "11"]
[EventCountry "AUT"]
[SourceTitle "EXT 2007"]
[Source "ChessBase"]
[SourceDate "2006.11.23"]
[SourceVersion "1"]
[SourceVersionDate "2006.11.23"]
[SourceQuality "1"]
[WhiteTeam "Ansfelden"]
[BlackTeam "Fuerstenfeld"]
[WhiteTeamCountry "AUT"]
[BlackTeamCountry "AUT"]

1. d4 f5 2. g3 Nf6 3. Bg2 e6 4. Nf3 Be7 5. 0-0 0-0 6. c4 Ne4 7. Qc2 Bf6 8. Nbd2 d5 9. b3 c5 10. cxd5 exd5 11. Bb2 cxd4 12. Nxd4 Qb6 13. N2f3 Nc6 14. e3 Bd7 15. Nxc6 bxc6 16. Rac1 c5 17. Rfd1 Be6 18. Bxf6 Rxf6 19. Ne5 Rc8 20. Qb2 Rff8 21. Nd3 d4 22. exd4 cxd4 23. Rxc8 Bxc8 24. Nf4 Rd8 25. h4 1/2-1/2

[Event "AUT-chT2M 0607"]
[Site "Austria"]
[Date "2007.03.03"]
[Round "8.1"]
[White "Wach, Markus"]
[Black "Flumbort, Andras"]
[Result "0-1"]
[WhiteElo "2385"]
[BlackElo "2510"]
[PlyCount "92"]
[EventDate "2006.10.28"]
[EventType "team-tourn"]
[EventRounds "11"]
[EventCountry "AUT"]
[SourceTitle "EXT 2007"]
[Source "ChessBase"]
[SourceDate "2006.11.23"]
[SourceVersion "1"]
[SourceVersionDate "2006.11.23"]
[SourceQuality "1"]
[WhiteTeam "Fuerstenfeld"]
[BlackTeam "St Valentin"]
[WhiteTeamCountry "AUT"]
[BlackTeamCountry "AUT"]

1. e4 c6 2. d4 d5 3. exd5 cxd5 4. c4 Nf6 5. Nc3 g6 6. cxd5 Nxd5 7. Qa4+ Bd7 8. Qb3 Nb6 9. d5 Bg7 10. Be3 0-0 11. Rd1 Na6 12. Nf3 Nc7 13. Rd2 Ne8 14. Be2 Nd6 15. 0-0 Rc8 16. Bd4 Bh6 17. Rdd1 Bg4 18. h3 Bxf3 19. Bxf3 Nbc4 20. Nb1 Bg7 21. Bxg7 Kxg7 22. Rfe1 Re8 23. Bg4 Rc7 24. Rc1 Nb6 25. Nd2 Rxc1 26. Rxc1 Kg8 27. a4 h5 28. Bf3 Qd7 29. a5 Nbc8 30. Be2 a6 31. Rc3 Qf5 32. Rf3 Qg5 33. Qd3 Rd8 34. Rg3 Qe5 35. Re3 Qxb2 36. g4 hxg4 37. hxg4 Qf6 38. Kg2 Rd7 39. Qc2 Qa1 40. Nb3 Qf6 41. Rc3 Na7 42. Nc5 Rc7 43. Qd2 Nab5 44. Bxb5 axb5 45. Rf3 Qe5 46. Nb3 Rc4 0-1

[Event "AUT-chT2M 0607"]
[Site "Austria"]
[Date "2007.01.27"]
[Round "6.2"]
[White "Wach, Markus"]
[Black "Vajda, Albert"]
[Result "1/2-1/2"]
[WhiteElo "2385"]
[BlackElo "2478"]
[PlyCount "32"]
[EventDate "2006.10.28"]
[EventType "team-tourn"]
[EventRounds "11"]
[EventCountry "AUT"]
[SourceTitle "EXT 2007"]
[Source "ChessBase"]
[SourceDate "2006.11.23"]
[SourceVersion "1"]
[SourceVersionDate "2006.11.23"]
[SourceQuality "1"]
[WhiteTeam "Fuerstenfeld"]
[BlackTeam "Wolfsberg"]
[WhiteTeamCountry "AUT"]
[BlackTeamCountry "AUT"]

1. e4 c6 2. d4 d5 3. exd5 cxd5 4. c4 e6 5. cxd5 exd5 6. Nc3 Nf6 7. Bd3 Be7 8. Nf3 Nc6 9. h3 0-0 10. 0-0 h6 11. Bf4 Be6 12. Rc1 Re8 13. Bb1 Nh7 14. Qd2 Nf8 15. Rfe1 Rc8 16. Re2 a6 1/2-1/2

[Event "AUT-chT 0506"]
[Site "Austria"]
[Date "2006.01.13"]
[Round "5"]
[White "Wach, Markus"]
[Black "Titz, Heimo"]
[Result "1-0"]
[WhiteElo "2376"]
[BlackElo "2268"]
[PlyCount "163"]
[EventDate "2005.11.18"]
[EventType "team"]
[EventRounds "11"]
[EventCountry "AUT"]
[SourceTitle "EXT 2007"]
[Source "ChessBase"]
[SourceDate "2006.11.23"]
[SourceVersion "1"]
[SourceVersionDate "2006.11.23"]
[SourceQuality "1"]
[WhiteTeam "Fuerstenfeld"]
[BlackTeam "Klagenfurt"]
[WhiteTeamCountry "AUT"]
[BlackTeamCountry "AUT"]

1. e4 c5 2. Nf3 Nc6 3. Bb5 g6 4. 0-0 Bg7 5. Bxc6 dxc6 6. Re1 Nf6 7. d3 0-0 8. Nc3 Bg4 9. h3 Bxf3 10. Qxf3 Ne8 11. Be3 Qa5 12. Qg3 Nd6 13. Qh4 Rae8 14. Bh6 e5 15. Be3 f6 16. a3 Rf7 17. b4 cxb4 18. axb4 Qxb4 19. Na4 Nb5 20. Reb1 Qe7 21. f3 b6 22. Qe1 Qd7 23. Nb2 Nd4 24. Qd1 Rd8 25. Ra6 Bf8 26. Rba1 Bc5 27. Kh2 Ne6 28. Rxa7 Qxa7 29. Rxa7 Rxa7 30. Bxc5 Nxc5 31. Nc4 Na4 32. Qd2 b5 33. Ne3 h5 34. Nf1 Kg7 35. f4 exf4 36. Qxf4 Re7 37. Nd2 Nc5 38. Qf2 Ne6 39. Qb6 Rd6 40. Nf3 Nd8 41. Qc5 Nf7 42. g4 hxg4 43. hxg4 Red7 44. Kg3 g5 45. Kf2 Rd8 46. Kg2 R8d7 47. Kg3 Rd8 48. Ne1 Re8 49. Ng2 Rde6 50. Ne3 Nh6 51. Kf3 R8e7 52. Nf5+ Nxf5 53. gxf5 Re5 54. Qxc6 Re8 55. Ke3 R8e7 56. Kd2 Kf7 57. Qb6 Rd7 58. Qe3 Rde7 59. Qh3 Kg7 60. Qh5 Rf7 61. Ke3 Rc5 62. d4 Rxc2 63. e5 fxe5 64. Qxg5+ Kh8 65. dxe5 Rfc7 66. Qh5+ Kg8 67. Qe8+ Kh7 68. Qxb5 R7c4 69. Qd7+ Kh8 70. Qe8+ Kh7 71. Qg6+ Kh8 72. f6 R4c3+ 73. Kd4 Rc4+ 74. Kd5 Rc5+ 75. Ke6 Rc6+ 76. Kf5 Rc7 77. Qh5+ Kg8 78. Qg4+ Kh8 79. Kg6 Kg8 80. Qe6+ Kf8 81. Qd5 Rc8 82. Qd6+ 1-0

[Event "AUT-chT 0506"]
[Site "Austria"]
[Date "2005.11.19"]
[Round "2"]
[White "Ljubic, Juro"]
[Black "Wach, Markus"]
[Result "1/2-1/2"]
[WhiteElo "2221"]
[BlackElo "2376"]
[PlyCount "25"]
[EventDate "2005.11.18"]
[EventType "team"]
[EventRounds "11"]
[EventCountry "AUT"]
[SourceTitle "EXT 2006"]
[Source "ChessBase"]
[SourceDate "2005.11.24"]
[SourceVersion "1"]
[SourceVersionDate "2005.11.24"]
[SourceQuality "1"]
[WhiteTeam "Schwarzach"]
[BlackTeam "Fuerstenfeld"]
[WhiteTeamCountry "AUT"]
[BlackTeamCountry "AUT"]

1. e4 c5 2. Nf3 e6 3. d4 cxd4 4. Nxd4 a6 5. Bd3 Nc6 6. Nxc6 dxc6 7. 0-0 e5 8. Be3 Nf6 9. f3 Be6 10. Qe2 Nd7 11. Qf2 Be7 12. Nd2 Bg5 13. Bc4 1/2-1/2

[Event "AUT-chT 0304"]
[Site "Austria"]
[Date "2004.01.24"]
[Round "6"]
[White "Wach, Markus"]
[Black "Wukits, Rene"]
[Result "1-0"]
[WhiteElo "2359"]
[BlackElo "2301"]
[PlyCount "139"]
[EventDate "2003.11.28"]
[EventType "team-tourn"]
[EventRounds "11"]
[EventCountry "AUT"]
[SourceTitle "CBM 097 Extra"]
[Source "ChessBase"]
[SourceDate "2004.01.13"]
[SourceVersion "1"]
[SourceVersionDate "2004.01.13"]
[SourceQuality "1"]
[WhiteTeam "Fuerstenfeld Admiral Sparkasse"]
[BlackTeam "Tschaturanga"]
[WhiteTeamCountry "AUT"]
[BlackTeamCountry "AUT"]

1. e4 c5 2. c3 Nf6 3. e5 Nd5 4. Nf3 Nc6 5. Bc4 Nb6 6. Be2 g6 7. d4 cxd4 8. cxd4 Bg7 9. Nc3 d6 10. exd6 Qxd6 11. Nb5 Qd8 12. d5 Nb4 13. d6 0-0 14. Bg5 f6 15. Qb3+ N4d5 16. Nc7 Qxd6 17. Nxa8 Nxa8 18. Be3 e5 19. 0-0 Be6 20. Rfd1 b6 21. Rac1 Rd8 22. Bc4 Nac7 23. a4 Bf8 24. Nd2 Qb4 25. Ne4 Kf7 26. Qxb4 Bxb4 27. Bxd5 Nxd5 28. Rc7+ Nxc7 29. Rxd8 Be7 30. Rd1 Nd5 31. Bd2 a5 32. Nc3 Nc7 33. Be3 Na8 34. Nd5 Bd8 35. f3 f5 36. Kf1 Bc8 37. Ke1 Ke8 38. Kd2 Kd7 39. Kc3 Kc6 40. b4 axb4+ 41. Nxb4+ Kc7 42. Bh6 Bd7 43. Nd5+ Kc8 44. Kb4 Bc6 45. Bg7 e4 46. fxe4 fxe4 47. g3 Kb7 48. Be5 Bg5 49. h4 Bh6 50. Bf4 Bf8+ 51. Kb3 Bc5 52. Nb4 Be8 53. Rd8 Nc7 54. Nd5 Bf7 55. Rd7 Bxd5+ 56. Kc3 h5 57. Rxc7+ Ka6 58. Rg7 Bc6 59. Rxg6 Bxa4 60. Re6 Kb5 61. Rxe4 Bd1 62. Be3 Bxe3 63. Rxe3 Kc5 64. Re5+ Kd6 65. Kd4 b5 66. Rxb5 Ke6 67. Ke4 Kf6 68. Rb6+ Kg7 69. Kf5 Bg4+ 70. Ke4 1-0

[Event "BL2-Sued 0203"]
[Site "Germany"]
[Date "2003.02.09"]
[Round "6.1"]
[White "Wach, Markus"]
[Black "Ikonnikov, Vyacheslav"]
[Result "0-1"]
[WhiteElo "2388"]
[BlackElo "2549"]
[PlyCount "90"]
[EventDate "2002.10.20"]
[EventType "team-tourn"]
[EventRounds "9"]
[EventCountry "GER"]
[SourceTitle "EXT 2004"]
[Source "ChessBase"]
[SourceDate "2003.11.25"]
[SourceVersion "1"]
[SourceVersionDate "2003.11.25"]
[SourceQuality "1"]
[WhiteTeam "Pang/Rosenheim"]
[BlackTeam "Heidelberg Handschuhsheim"]
[WhiteTeamCountry "GER"]
[BlackTeamCountry "GER"]

1. e4 c5 2. Nf3 Nc6 3. Bb5 g6 4. Bxc6 bxc6 5. 0-0 Bg7 6. Re1 Nh6 7. d3 f6 8. h3 Nf7 9. b3 0-0 10. Bb2 d6 11. Nbd2 e5 12. a3 a5 13. Bc3 d5 14. b4 d4 15. Bb2 Rb8 16. Nc4 cxb4 17. axb4 axb4 18. Nfd2 Bh6 19. Nb3 Nd6 20. Nxd6 Qxd6 21. Ra7 Be6 22. Qa1 Rf7 23. Rxf7 Bxf7 24. Qa7 Rc8 25. Ra1 c5 26. Na5 Bf8 27. Nc4 Bxc4 28. dxc4 Qc7 29. Qa2 Qb7 30. f3 Bh6 31. Qa4 f5 32. exf5 gxf5 33. Qa5 Be3+ 34. Kh1 e4 35. fxe4 fxe4 36. Rf1 Qe7 37. Qa6 Rf8 38. Rxf8+ Kxf8 39. Qc8+ Kg7 40. Qg4+ Kf7 41. Qf5+ Kg7 42. Qg4+ Kh6 43. Qf5 Bg5 44. g3 e3 45. h4 e2 0-1

[Event "AUT-chT 0203"]
[Site "Austria"]
[Date "2003.01.24"]
[Round "6"]
[White "Mahdy, Khaled"]
[Black "Wach, Markus"]
[Result "1-0"]
[WhiteElo "2374"]
[BlackElo "2388"]
[PlyCount "103"]
[EventDate "2002.12.05"]
[EventType "team-tourn"]
[EventRounds "11"]
[EventCountry "AUT"]
[SourceTitle "EXT 2004"]
[Source "ChessBase"]
[SourceDate "2003.11.25"]
[SourceVersion "1"]
[SourceVersionDate "2003.11.25"]
[SourceQuality "1"]
[WhiteTeam "Tschaturanga"]
[BlackTeam "Fuerstenfeld Admiral Sparkasse"]
[WhiteTeamCountry "AUT"]
[BlackTeamCountry "AUT"]

1. e4 c6 2. d4 d5 3. Nd2 dxe4 4. Nxe4 Bf5 5. Ng3 Bg6 6. h4 h6 7. Nf3 Nf6 8. h5 Bh7 9. Bd3 Bxd3 10. Qxd3 e6 11. Bf4 Bd6 12. Bxd6 Qxd6 13. 0-0-0 Nbd7 14. Kb1 0-0-0 15. Qe2 Qc7 16. Ne5 Rhf8 17. f4 c5 18. c3 Kb8 19. Rhf1 cxd4 20. Rxd4 Nxe5 21. fxe5 Rxd4 22. cxd4 Nd5 23. Ne4 Rd8 24. Rf3 Qe7 25. a3 Ka8 26. Qf2 Rd7 27. Qg3 f5 28. exf6 Nxf6 29. Nxf6 gxf6 30. Qg6 f5 31. Re3 a6 32. Rxe6 Qh4 33. Qxf5 Qxd4 34. Re1 Rd5 35. Qf8+ Ka7 36. Qxh6 Rb5 37. Qc1 Rxh5 38. Qe3 Qxe3 39. Rxe3 Rg5 40. g3 b5 41. Kc2 Kb6 42. Kd3 Rg4 43. Ke2 Kc5 44. Kf3 Rg8 45. g4 a5 46. Kf4 Rf8+ 47. Kg3 Rg8 48. Re5+ Kc4 49. g5 b4 50. Rxa5 b3 51. Rf5 Kd3 52. Rc5 1-0

[Event "AUT-chT 0203"]
[Site "Austria"]
[Date "2002.12.08"]
[Round "4.3"]
[White "Wach, Markus"]
[Black "Duer, Arne"]
[Result "0-1"]
[WhiteElo "2398"]
[BlackElo "2365"]
[PlyCount "58"]
[EventDate "2002.12.05"]
[EventType "team-tourn"]
[EventRounds "11"]
[EventCountry "AUT"]
[SourceTitle "CBM 091 ext"]
[Source "ChessBase"]
[SourceDate "2003.01.09"]
[SourceVersion "1"]
[SourceVersionDate "2003.01.09"]
[SourceQuality "1"]
[WhiteTeam "Fuerstenfeld Admiral Sparkasse"]
[BlackTeam "Absam"]
[WhiteTeamCountry "AUT"]
[BlackTeamCountry "AUT"]

1. e4 c5 2. Nf3 e6 3. b3 d6 4. Bb2 Nf6 5. Nc3 Be7 6. d4 cxd4 7. Nxd4 0-0 8. Bd3 Nc6 9. Nxc6 bxc6 10. Qe2 d5 11. 0-0 a5 12. f4 Ba6 13. Kh1 Qc8 14. Rf3 Re8 15. Rh3 Bxd3 16. cxd3 Qa6 17. Rf1 Rad8 18. e5 Nd7 19. Qh5 Nf8 20. f5 exf5 21. Qxf5 f6 22. Ne2 c5 23. Rg3 d4 24. Nf4 Qc8 25. e6 Kh8 26. Rxg7 Kxg7 27. Rf3 Kh8 28. Rh3 Qc7 29. Rg3 Qe5 0-1

[Event "AUT-chT 0203"]
[Site "Austria"]
[Date "2002.12.06"]
[Round "2.4"]
[White "Wach, Markus"]
[Black "Penz, Harald"]
[Result "1/2-1/2"]
[WhiteElo "2398"]
[BlackElo "2324"]
[PlyCount "29"]
[EventDate "2002.12.05"]
[EventType "team-tourn"]
[EventRounds "11"]
[EventCountry "AUT"]
[SourceTitle "CBM 091 ext"]
[Source "ChessBase"]
[SourceDate "2003.01.09"]
[SourceVersion "1"]
[SourceVersionDate "2003.01.09"]
[SourceQuality "1"]
[WhiteTeam "Fuerstenfeld Admiral Sparkasse"]
[BlackTeam "Hietzing/Fischer SK"]
[WhiteTeamCountry "AUT"]
[BlackTeamCountry "AUT"]

1. d4 d5 2. c4 c5 3. cxd5 Nf6 4. e4 Nxe4 5. dxc5 Nxc5 6. Nf3 e6 7. Nc3 exd5 8. Qxd5 Qxd5 9. Nxd5 Ne6 10. Ng5 Nxg5 11. Bxg5 Bd6 12. Bb5+ Nc6 13. 0-0-0 0-0 14. Bxc6 bxc6 15. Ne7+ 1/2-1/2

[Event "AUT-chT 0102"]
[Site "Austria"]
[Date "2002.03.10"]
[Round "11.3"]
[White "Weinzettl, Ernst"]
[Black "Wach, Markus"]
[Result "1/2-1/2"]
[WhiteElo "2415"]
[BlackElo "2386"]
[PlyCount "45"]
[EventDate "2001.10.31"]
[EventType "team-tourn"]
[EventRounds "11"]
[EventCountry "AUT"]
[SourceTitle "EXT 2002"]
[Source "ChessBase"]
[SourceDate "2001.11.25"]
[SourceVersion "1"]
[SourceVersionDate "2001.11.25"]
[SourceQuality "1"]
[WhiteTeam "Jenbach SK Sparkasse"]
[BlackTeam "Fuerstenfeld SK"]
[WhiteTeamCountry "AUT"]
[BlackTeamCountry "AUT"]

1. e4 c6 2. d4 d5 3. exd5 cxd5 4. c4 Nf6 5. Nc3 e6 6. Nf3 Bb4 7. cxd5 Nxd5 8. Qc2 Nc6 9. Be2 0-0 10. 0-0 Be7 11. Rd1 Nf6 12. a3 Bd7 13. Ne5 Rc8 14. Qd3 Na5 15. Qg3 Kh8 16. d5 exd5 17. Nxd5 Ba4 18. Nxe7 Qxe7 19. Re1 Nb3 20. Rb1 Nxc1 21. Rbxc1 Rxc1 22. Rxc1 Nd7 23. Nxd7 1/2-1/2

[Event "AUT-chT 0102"]
[Site "Austria"]
[Date "2001.11.01"]
[Round "2.3"]
[White "Muse, Mladen"]
[Black "Wach, Markus"]
[Result "1/2-1/2"]
[WhiteElo "2487"]
[BlackElo "2386"]
[PlyCount "116"]
[EventDate "2001.10.31"]
[EventType "team-tourn"]
[EventRounds "11"]
[EventCountry "AUT"]
[SourceTitle "EXT 2002"]
[Source "ChessBase"]
[SourceDate "2001.11.25"]
[SourceVersion "1"]
[SourceVersionDate "2001.11.25"]
[SourceQuality "1"]
[WhiteTeam "Graz Austria"]
[BlackTeam "Fuerstenfeld SK"]
[WhiteTeamCountry "AUT"]
[BlackTeamCountry "AUT"]

1. d4 d5 2. c4 c6 3. Nf3 Nf6 4. Nc3 e6 5. e3 Nbd7 6. Qc2 Bd6 7. b3 0-0 8. Be2 Re8 9. 0-0 dxc4 10. bxc4 e5 11. Rd1 Qe7 12. a4 e4 13. Nd2 Nf8 14. c5 Bb8 15. Ba3 Ng6 16. Nc4 Ng4 17. g3 Nxh2 18. Qxe4 Qxe4 19. Nxe4 Rxe4 20. Kxh2 Re8 21. Bf3 Nh4 22. Be2 Bf5 23. Kg1 Ng6 24. Na5 Bc7 25. Nxb7 Bc2 26. Rdc1 Bxa4 27. Bb4 Bb3 28. Ra3 Bd5 29. Rca1 h6 30. Nd6 Reb8 31. Ba5 Rb2 32. Bxc7 Rxe2 33. e4 Be6 34. f4 Bg4 35. Nc4 Rxe4 36. Ne3 Bd7 37. Kf2 Rae8 38. Rd1 Ne7 39. Nc4 Nd5 40. Be5 f6 41. Nd6 fxe5 42. Nxe4 exf4 43. Nd6 Rb8 44. gxf4 Nxf4 45. Rxa7 Bg4 46. Rda1 Rb3 47. R7a3 Nh3+ 48. Kg2 Rb2+ 49. Kg3 h5 50. Re1 Rd2 51. Re7 Rxd4 52. Ra8+ Kh7 53. Raa7 Rd3+ 54. Kh4 Nf4 55. Rxg7+ Kh6 56. Rh7+ Kg6 57. Rag7+ Kf6 58. Rf7+ Kg6 1/2-1/2

[Event "AUT-chT 0102"]
[Site "Austria"]
[Date "2001.10.31"]
[Round "1.3"]
[White "Wach, Markus"]
[Black "Stanec, Nikolaus"]
[Result "1/2-1/2"]
[WhiteElo "2386"]
[BlackElo "2512"]
[PlyCount "84"]
[EventDate "2001.10.31"]
[EventType "team-tourn"]
[EventRounds "11"]
[EventCountry "AUT"]
[SourceTitle "EXT 2002"]
[Source "ChessBase"]
[SourceDate "2001.11.25"]
[SourceVersion "1"]
[SourceVersionDate "2001.11.25"]
[SourceQuality "1"]
[WhiteTeam "Fuerstenfeld SK"]
[BlackTeam "Graz Merkur Versicherung"]
[WhiteTeamCountry "AUT"]
[BlackTeamCountry "AUT"]

1. e4 d5 2. exd5 Qxd5 3. Nc3 Qa5 4. d4 c6 5. Nf3 Bf5 6. Bc4 e6 7. Bd2 Nf6 8. Ne4 Qc7 9. Ng3 Bg6 10. h4 Nh5 11. Ne5 Nxg3 12. fxg3 Nd7 13. Bf4 Nxe5 14. Bxe5 Bd6 15. Qe2 Bxe5 16. dxe5 Qa5+ 17. c3 b5 18. h5 Bxh5 19. Rxh5 bxc4 20. Qxc4 Qd5 21. Qxd5 cxd5 22. 0-0-0 h6 23. Rd4 0-0 24. Rhh4 Rfc8 25. Ra4 a5 26. Ra3 Rc5 27. b4 Rb5 28. Rxa5 Raxa5 29. bxa5 Rxa5 30. a4 Kf8 31. Kc2 Ke7 32. Kb3 Ra7 33. Rb4 Kd7 34. Rb8 Kc7 35. Rg8 g6 36. Kb4 Kb6 37. Rd8 Rb7 38. Rd6+ Kc7+ 39. Kc5 Rb3 40. Rc6+ Kd7 41. Rd6+ Kc7 42. Rc6+ Kd7 1/2-1/2